プロ野球スピリッツA【プロスピA】 特殊能力名 - Statistics

General Stats
  • This quiz has been taken 424 times
    30 since last reset
  • The average score is 152 of 207
Answer Stats
効能 特殊能力名 % Correct
高角度低スピンの打球が打てる 超パワーヒッター
100%
高角度低スピンの打球が打てる パワーヒッター・改
100%
高角度低スピンの打球が打てる パワーヒッター
100%
低角度高スピンの打球が打てる 超ラインドライブ
100%
全ての方向に偏り無く強い打球が打てる 超広角打法
100%
全ての方向に偏り無く強い打球が打てる 広角打法・改
100%
全ての方向に偏り無く強い打球が打てる 広角打法
100%
流した打球が切れにくい 流し打ち◎
100%
流した打球が切れにくい 流し打ち・改
100%
流した打球が切れにくい 流し打ち
100%
得点圏にランナーがいると能力が上がる チャンス◎
100%
得点圏にランナーがいると能力が上がる チャンス・改
100%
得点圏にランナーがいると能力が上がる チャンス
100%
選球眼が優れている 選球眼◎
100%
選球眼が優れている 選球眼・改
100%
選球眼が優れている 選球眼
100%
代打の時に打力が上がる 代打・改
100%
代打の時に打力が上がる 代打
100%
盗塁が上手い 盗塁◎
100%
盗塁が上手い 盗塁・改
100%
盗塁が上手い 盗塁
100%
高角度高スピンの打球が打てる 超アーチスト
96%
低角度高スピンの打球が打てる ラインドライブ・改
96%
低角度高スピンの打球が打てる ラインドライブ
96%
引っ張り方向に強い打球が打てる 超プルヒッター
96%
引っ張り方向に強い打球が打てる プルヒッター・改
96%
引っ張り方向に強い打球が打てる プルヒッター
96%
1試合に固めてヒットを打ちやすい 固め打ち◎
96%
1試合に固めてヒットを打ちやすい 固め打ち・改
96%
1試合に固めてヒットを打ちやすい 固め打ち
96%
ヒット性の打球が出やすい 超アベレージヒッター
96%
ヒット性の打球が出やすい アベレージヒッター・改
96%
ヒット性の打球が出やすい アベレージヒッター
96%
ノーストライクの時に能力が上がる 初球◎
96%
ノーストライクの時に能力が上がる 初球
96%
エース級の投手に強い 対エース
96%
ベースランニングが上手い 走塁◎
96%
ベースランニングが上手い 走塁・改
96%
ベースランニングが上手い 走塁
96%
高角度高スピンの打球が打てる アーチスト・改
92%
高角度高スピンの打球が打てる アーチスト
92%
2ストライクに追い込まれると能力が上がる 粘り打ち◎
92%
2ストライクに追い込まれると能力が上がる 粘り打ち・改
92%
2ストライクに追い込まれると能力が上がる 粘り打ち
92%
チャンスを作り出すのが上手い 超チャンスメーカー
92%
チャンスを作り出すのが上手い チャンスメーカー・改
92%
チャンスを作り出すのが上手い チャンスメーカー
92%
長打狙いでバットを振り切る 超フルスイング
92%
長打狙いでバットを振り切る フルスイング・改
92%
長打狙いでバットを振り切る フルスイング
92%
左投手に強い 対左投手◎
92%
左投手に強い 対左投手
92%
右投手に強い 対右投手◎
92%
右投手に強い 対右投手
92%
特定の状況下になると意外性を発揮する 意外性
92%
捕手での出場時に投手の能力を引き上げる 捕手◎
92%
捕手での出場時に投手の能力を引き上げる 捕手・改
92%
捕手での出場時に投手の能力を引き上げる 捕手
92%
ノビのあるストレートを投げる ノビ◎
92%
ノビのあるストレートを投げる ノビ・改
92%
ノビのあるストレートを投げる ノビ
92%
存在感で相手にプレッシャーを与える 存在感◎
92%
存在感で相手にプレッシャーを与える 存在感・改
92%
存在感で相手にプレッシャーを与える 存在感
92%
高めのボールを打つのがうまい ハイボールヒッター
88%
低めのボールを打つのがうまい ローボールヒッター
88%
ホームランを連発しやすい おかわり
88%
ホームランを連発しやすい 連発・改
88%
ホームランを連発しやすい 連発
88%
満塁の時に打力が上がる 満塁男
88%
サヨナラの場面で打力が上がる サヨナラ男
88%
圧倒的な存在感で相手を威圧する 威圧感・改
88%
圧倒的な存在感で相手を威圧する 威圧感
88%
得点圏にランナーを背負うと能力が上がる 対ピンチ◎
88%
得点圏にランナーを背負うと能力が上がる 対ピンチ・改
88%
得点圏にランナーを背負うと能力が上がる 対ピンチ
88%
2ストライクに追い込むと能力が上がる 奪三振◎
88%
2ストライクに追い込むと能力が上がる 奪三振・改
88%
2ストライクに追い込むと能力が上がる 奪三振
88%
試合の熱気を力に変える 熱気 (打者)
88%
試合の熱気を力に変える 熱気 (投手)
88%
外野から低く鋭い送球ができる・外野手の遠投が低い弾道になる レーザービーム
84%
狙ったコースに正確に投げられる コントロール◎
84%
狙ったコースに正確に投げられる コントロール・改
84%
狙ったコースに正確に投げられる コントロール
84%
キレのある変化球を投げる キレ◎
84%
キレのある変化球を投げる キレ・改
84%
キレのある変化球を投げる キレ
84%
規格外のプレーで周囲を圧倒する 規格外 (打者)
84%
規格外のプレーで周囲を圧倒する 規格外 (投手)
84%
2番で起用された時にミートが上がる 2番〇
84%
塁上からプレッシャーをかける
・走塁速度UP
・盗塁成功率小UP
・走力小UP
ランナー時
・投手の制球大DOWN
・投手のキレ微DOWN
超かく乱
80%
塁上からプレッシャーをかける
・走塁速度UP
・盗塁成功率小UP
・走力微UP
ランナー時
・投手の制球中DOWN
・投手のキレ微DOWN
かく乱・改
80%
塁上からプレッシャーをかける・走塁速度UP ・盗塁成功率小UP ランナー時 ・投手の制球中DOWN ・投手のキレ微DOWN かく乱
80%
守備のとき熟練の技が光る・送球速度がダウンしない ・ファインプレーが出やすい (外野時) 守備職人
80%
2ストライクに追い込むと能力が上がる
・変化球の変化量UP
・奪三振確率UP
・打者のミート中DOWN
超奪三振ショー
80%
球持ちが良い 球持ち
80%
打線の援護を呼び込みやすい 援護◎
80%
打線の援護を呼び込みやすい 援護・改
80%
打線の援護を呼び込みやすい 援護
80%
1番で起用された時にミートが上がる 1番〇
80%
3番で起用された時にミートが上がる 3番〇
80%
8番で起用された時にミートが上がる 8番〇
80%
前の打者がヒットを打っていると、能力が上がる 連打〇
76%
5回以降限定。出番時に発動するとパワーがA、弾道がパワーヒッターになる サプライズ
76%
2ストライクに追い込むと能力が上がる・変化球の変化量UP ・奪三振確率UP ・打者のミート中DOWN 奪三振ショー・改
76%
2ストライクに追い込むと能力が上がる
・変化球の変化量UP
・奪三振確率UP
・打者のミート小DOWN
奪三振ショー
76%
左打者に強い 対左打者◎
76%
左打者に強い 対左打者
76%
狙いを絞り辛い荒れ球を投げる 荒れ球
76%
2ストライクに追い込まれるとヒット性の打球を狙う 適応◎
72%
2ストライクに追い込まれるとヒット性の打球を狙う 適応・改
72%
2ストライクに追い込まれるとヒット性の打球を狙う 適応
72%
代打の時に打力が大きく上がる 代打の神様
72%
バントで打球の勢いをころすうまさ バント〇
72%
威力の高いストレートを放つ 超豪速球
72%
威力の高いストレートを放つ 豪速球・改
72%
威力の高いストレートを放つ 豪速球
72%
奥行きを活かした投球を行う 奥行き◎
72%
奥行きを活かした投球を行う 奥行き・改
72%
奥行きを活かした投球を行う 奥行き
72%
ランナーが一塁または一・三塁時に安定したリリースで投球を行う 対ランナー
72%
右打者に強い 対右打者◎
72%
右打者に強い 対右打者
72%
相手が強打者の時に能力が上がる 対強打者
72%
ファンを熱狂させる活躍が期待できる 熱狂 (打者)
72%
ファンを熱狂させる活躍が期待できる 熱狂 (投手)
72%
白熱する試合で力を発揮する 白熱 (打者)
72%
白熱する試合で力を発揮する 白熱 (投手)
72%
守備のとき熟練の技が光り、
外野から低く鋭い送球ができる
・送球速度がダウンしない
・ファインプレーが出やすい (外野時)
・外野手の遠投が低い弾道になる
エリア51・改
72%
守備のとき熟練の技が光り、外野から低く鋭い送球ができる
・送球速度がダウンしない ・ファインプレーが出やすい (外野時) ・外野手の遠投が低い弾道になる
エリア51
72%
5回以降ビハインド時に打力が上がる 逆境
68%
・打撃後の走力小UP・走塁速度UP、盗塁成功率中UP
更にランナーなしの状態で発動すると パワーが中UP、弾道が高弾道になる またランナーありの状態で発動すると ・ミート微UP ・パワー小UP
イチロー
68%
ストレートを投げた後に遅い変化球を投げた場合
・変化球の体感速度がDOWN
遅い変化球を投げた後にストレートを投げた場合
・ストレートの体感速度がUP
緩急◎
68%
ストレートを投げた後に遅い変化球を投げた場合・変化球の体感速度がDOWN 遅い変化球を投げた後にストレートを投げた場合 ・ストレートの体感速度がUP 緩急・改
68%
ストレートを投げた後に遅い変化球を投げた場合
・変化球の体感速度がDOWN
遅い変化球を投げた後にストレートを投げた場合
・ストレートの体感速度がUP
緩急
68%
巨人所属選手の投手に強い 巨人キラー (打者)
68%
巨人所属選手の打者に強い 巨人キラー (投手)
68%
阪神所属選手の打者に強い 阪神キラー (投手)
68%
中日所属選手の投手に強い 中日キラー (打者)
68%
中日所属選手の打者に強い 中日キラー (投手)
68%
ソフトバンク所属選手の投手に強い ソフトバンクキラー (打者)
68%
ソフトバンク所属選手の打者に強い ソフトバンクキラー (投手)
68%
楽天所属選手の投手に強い 楽天キラー (打者)
68%
楽天所属選手の打者に強い 楽天キラー (投手)
68%
オリックス所属選手の投手に強い オリックスキラー (打者)
68%
オリックス所属選手の打者に強い オリックスキラー (投手)
68%
西武所属選手の投手に強い 西武キラー (打者)
68%
西武所属選手の打者に強い 西武キラー (投手)
68%
先発時、5回以降に調子が上がってくる 尻上がり
64%
広島所属選手の投手に強い 広島キラー (打者)
64%
広島所属選手の打者に強い 広島キラー (投手)
64%
ヤクルト所属選手の投手に強い ヤクルトキラー (打者)
64%
ヤクルト所属選手の打者に強い ヤクルトキラー (投手)
64%
ロッテ所属選手の投手に強い ロッテキラー (打者)
64%
北海道日本ハム所属選手の打者に強い 北海道日本ハムキラー (投手)
64%
DeNA所属選手の投手に強い DeNAキラー (打者)
64%
DeNA所属選手の打者に強い DeNAキラー (投手)
64%
ヒット性の打球がかなり出やすい ハイアベレージヒッター
60%
前の打席で抑えられた時に、次の打席で能力が上がる リベンジ
60%
打撃後のダッシュスピードが上がる 内野安打
60%
ゴロを打たせて凡打の山を築く 超グラウンドボーラー
60%
ゴロを打たせて凡打の山を築く グラウンドボーラー・改
60%
ゴロを打たせて凡打の山を築く グラウンドボーラー
60%
安定したリリースで投球を行う 安定感◎
60%
安定したリリースで投球を行う 安定感・改
60%
安定したリリースで投球を行う 安定感
60%
内角に威力のあるストレートを投げる内角に投げた場合 ・ストレートの体感速度がUP ・球のブレ幅が小さくなる ・制球微UP 内角〇
60%
外角に威力のあるストレートを投げる
外角に投げた場合
・ストレートの体感速度がUP
・球のブレ幅が小さくなる
・制球微UP
外角〇
60%
圧倒的なパワーで破壊力のある打球を放つ ゴジラ
56%
打たれても打球が飛びにくい 超重い球
56%
打たれても打球が飛びにくい 重い球・改
56%
打たれても打球が飛びにくい 重い球
56%
投球モーションが早くなり、相手ランナーのスタートに影響する クイック
52%
ファンからの人気が高く、交代されにくくなる 人気 (打者)
52%
ファンからの人気が高く、交代されにくくなる 人気 (投手)
52%
ランナーがいるとき、肩力がアップする 強肩◎
48%
ランナーがいるとき、肩力がアップする 強肩
48%
動揺状態になりにくい 打たれ強さ◎
48%
動揺状態になりにくい 打たれ強さ・改
48%
動揺状態になりにくい 打たれ強さ
48%
粘りの投球で打線を奮起させる 超粘投
48%
粘りの投球で打線を奮起させる 粘投
44%
ノビのあるストレートを投げる・ストレートの体感速度がかなりUP ・打者のパワー小DOWN ・打者のミート小DOWN 超ジャイロボール
40%
先発時に相手の能力を下げる・打者のミート小DOWN ・打者のパワー小DOWN
先発時、5回以降に調子が上がってくる
・各種投手能力UP ・打者のミート中DOWN ・打者のパワー中DOWN
エースの風格
40%
ノビのあるストレートを投げる
・ストレートの体感速度がUP
・打者のパワー小DOWN
・打者のミート小DOWN
ジャイロボール
36%
ファンの声援を力に変える 祝宴 (打者)
36%
ファンの声援を力に変える 祝宴 (投手)
36%
ファンの声援を力に変える 躍動 (打者)
32%
ファンの声援を力に変える 躍動 (投手)
32%
どんな場面でも諦めず立ち向かう 不屈(打者)
32%
どんな場面でも諦めず立ち向かう 不屈(投手)
32%
7回以降、特定の条件でミートが上がる いぶし銀
28%
リードが開けば開くほど能力アップ 安全圏
24%
球質が重くなり、動揺状態になりにくい。 闘志
24%
5回以降で得点圏にランナーがいて、一発出れば同点か逆転の場面になると力を発揮する 要所〇
20%
新たな成長の兆しを見せる 兆し (打者)
20%
新たな成長の兆しを見せる 兆し (投手)
20%
球界屈指の実力を発揮する 秀逸 (打者)
16%
球界屈指の実力を発揮する 秀逸 (投手)
16%
仲間も認める才能が光る イチオシ(打者)
16%
仲間も認める才能が光る イチオシ(投手)
16%
ファンの声援を力に変える 選抜 (打者)
12%
ファンの声援を力に変える 選抜 (投手)
12%
手に汗握る闘いで力を発揮する 激闘 (打者)
12%
手に汗握る闘いで力を発揮する 激闘 (投手)
12%
先発限定。スタミナ切れになっても能力が下がりにくい 根性
8%
No matching quizzes found
Score Distribution
Percent of People with Each Score
Percentile by Number Answered
Your Score History
You have not taken this quiz since the last reset